00729nam a22001097a 4500008004100000100003700041245002400078260001200102300003000114520046300144773001200607220704b ||||| |||| 00| 0 eng d aGupta, Poonam and Tyagi, Abhinav aGlobal perspective  aYojana  a66(3), Mar, 2022: p.37-40 aIndia is the world’s sixth-largest economy. It often also boasts of being the fastest-growing large economy. However, given its per capital income level of about USD 2000 a year, it is still considered a low middle-income country. Hence, economic growth remains an utmost priority for the county. The measures announced in the budget and the direction in which they steer the nation should help India become much more competitive globally. – Reproduced  aYojana